000 00343nam a2200145Ia 4500
008 221030s9999 xx 000 0 und d
041 _aEnglish
082 _a105.23
100 _aB. R. Gupta
245 0 _aFundamentals of Electric Machines
_cby B. R. Gupta, V. Singhal
260 _c0
650 _aB
700 _aV. Singhal
942 _cBK
999 _c13805
_d13805